| 000 | 01110 a2200265 4500 | ||
|---|---|---|---|
| 005 | 20080924111043.0 | ||
| 008 | 080924t xxu||||| |||| 00| 0 eng d | ||
| 010 | _aENG-91111 | ||
| 020 |
_a9788189915889 _c850.00 |
||
| 035 | _aEN-74644 | ||
| 037 | _bDBAD / PUB | ||
| 040 |
_adpl _bEnglish |
||
| 082 | _a332.632 | ||
| 100 | _aMalik, P.K. | ||
| 245 |
_aSecuritisation of financial assets: _cby P.K. Malik _bstatus, problems and prospects / |
||
| 260 |
_aNew Delhi _bRegal Publications _c2008 |
||
| 270 |
_aF-159, Rajouri Garden _bNew Delhi _e110 027 _k011-45546396 _mregalbookspub@yahoo.com |
||
| 300 |
_axii, 263 p. _c23 cm. (Hb.) |
||
| 500 | _aIncludes bibliographical references and index | ||
| 610 |
_aIndia _tSecuritisation and Reconstruction of Financial Assets and Enforcement of Security Interest Act, 2002 |
||
| 650 |
_aSecurity (Law) _zindia |
||
| 651 | _a | ||
| 942 |
_adpl _cEN _2ddc _mMAL _h332.632 |
||
| 999 |
_c16171 _d16171 |
||